| 000 | 00682nam a2200217 a 4500 | ||
|---|---|---|---|
| 005 | 20250605063846.0 | ||
| 008 | 991125s1975 bar 000 0 spa u | ||
| 020 | _a8472223000 | ||
| 035 | _aUPN01000022663 | ||
| 049 | _aCG | ||
| 050 | 4 |
_aB841.4 _bM5.38 |
|
| 100 | 1 | _aMillet, Louis | |
| 245 | 1 | 3 |
_aEl estructuralismo como método / _cLouis Millet, Madeleine Varin d'Ainvelle ; tr. de Pepe Vilanova. |
| 260 |
_aBarcelona (Esp.) : _bLaia, _c1975. |
||
| 300 | _a102 p. | ||
| 440 | 0 |
_aEdiciones de bolsillo. _pCiencias humanas ; _v131 |
|
| 650 | 2 |
_aEstructuralismo _915389 |
|
| 650 | 4 |
_aFilosofía moderna _98266 |
|
| 700 | 1 |
_aAinvelle, Madeleine Varin d', _ecoaut. |
|
| 905 | _aLibro | ||
| 999 |
_c22663 _d22663 |
||